Every SNL host - Part 3 - Statistics

General Stats
  • This quiz has been taken 15 times
  • The average score is 75 of 199
Answer Stats
Season Episode Host % Correct
29 17* Janet Jackson
80%
26 8 Lucy Liu
80%
23 10 Samuel L. Jackson
80%
22 1 Tom Hanks
80%
21 11 Alec Baldwin
70%
22 14 Alec Baldwin
70%
24 9 Alec Baldwin
70%
26 16 Alec Baldwin
70%
27 18 Alec Baldwin
70%
29 6 Alec Baldwin
70%
24 14 Bill Murray
70%
21 2 Chevy Chase
70%
22 13 Chevy Chase
70%
22 5 Chris Rock
70%
21 10 Christopher Walken
70%
25 16 Christopher Walken
70%
26 20 Christopher Walken
70%
24 16 Drew Barrymore
70%
27 3 Drew Barrymore
70%
29 12 Drew Barrymore
70%
27 11 Jack Black
70%
29 1 Jack Black
70%
25 9 Jamie Foxx
70%
25 6 Jennifer Aniston
70%
29 9 Jennifer Aniston
70%
25 1 Jerry Seinfeld
70%
30 6 Luke Wilson
70%
23 11 Sarah Michelle Gellar
70%
24 19 Sarah Michelle Gellar
70%
28 2 Sarah Michelle Gellar
70%
27 2 Seann William Scott
70%
25 17 Tobey Maguire
70%
25 13 Ben Affleck
60%
29 15 Ben Affleck
60%
30 1 Ben Affleck
60%
25 19* Britney Spears
60%
27 12* Britney Spears
60%
28 6 Brittany Murphy
60%
23 4 Chris Farley
60%
29 13 Christina Aguilera
60%
28 20 Dan Aykroyd
60%
24 5 David Spade
60%
30 14 David Spade
60%
29 16 Donald Trump
60%
25 10 Freddie Prinze Jr
60%
23 14* Garth Brooks
60%
25 5 Garth Brooks
60%
29 3 Halle Berry
60%
23 16 Julianne Moore
60%
29 2* Justin Timberlake
60%
30 4 Kate Winslet
60%
28 1 Matt Damon
60%
23 2 Matthew Perry
60%
22 6 Robert Downey Jr
60%
28 19 Adrien Brody
50%
24 4 Ben Stiller
50%
28 16 Bernie Mac
50%
24 1 Cameron Diaz
50%
27 16 Cameron Diaz
50%
30 16 Cameron Diaz
50%
26 14 Conan O'Brien
50%
22 4 Dana Carvey
50%
26 3 Dana Carvey
50%
21 3 David Schwimmer
50%
24 12 Gwyneth Paltrow
50%
27 5 Gwyneth Paltrow
50%
21 20 Jim Carrey
50%
24 6 Joan Allen
50%
21 15 John Goodman
50%
22 19 John Goodman
50%
23 12 John Goodman
50%
24 17 John Goodman
50%
25 18 John Goodman
50%
27 4 John Goodman
50%
27 14 Jon Stewart
50%
30 3 Jude Law
50%
26 2 Kate Hudson
50%
22 2 Lisa Kudrow
50%
23 19 Matthew Broderick
50%
22 16 Mike Myers
50%
22 18 Pamela Anderson
50%
30 17 Tom Brady
50%
24 8 Vince Vaughn
50%
28 18 Ashton Kutcher
40%
30 15 Ashton Kutcher
40%
25 7 Christina Ricci
40%
25 8 Danny DeVito
40%
29 8 Elijah Wood
40%
27 8 Hugh Jackman
40%
25 20 Jackie Chan
40%
26 11* Jennifer Lopez
40%
29 10 Jessica Simpson/Nick Lachey
40%
24 2 Kelsey Grammer
40%
23 8 Nathan Lane
40%
30 11 Paris Hilton
40%
26 17 Renee Zellweger
40%
28 7 Robert De Niro
40%
30 8 Robert De Niro
40%
22 9 Rosie O'Donnell
40%
29 19 Snoop Dogg
40%
29 5 Andy Roddick
30%
27 6 Billy Bob Thornton
30%
26 9 Charlie Sheen
30%
27 7 Derek Jeter
30%
25 2 Heather Graham
30%
23 9 Helen Hunt
30%
27 15 Ian McKellen
30%
22 20 Jeff Goldblum
30%
28 12 Jennifer Garner
30%
24 7 Jennifer Love Hewitt
30%
23 5 Jon Lovitz
30%
27 10 Josh Hartnett
30%
25 12 Julianna Margulies
30%
22 10 Kevin Spacey
30%
27 19 Kirsten Dunst
30%
30 5 Liam Neeson
30%
29 18 Lindsay Lohan
30%
30 20 Lindsay Lohan
30%
28 11 Matthew McConaughey
30%
22 12 Neve Campbell
30%
25 3 Norm Macdonald
30%
21 16 Phil Hartman
30%
22 7 Phil Hartman
30%
28 14 Queen Latifah
30%
30 2 Queen Latifah
30%
21 5 Quentin Tarantino
30%
24 15 Ray Romano
30%
28 17 Ray Romano
30%
27 1 Reese Witherspoon
30%
22 17 Rob Lowe
30%
26 1 Rob Lowe
30%
28 15 Salma Hayek
30%
21 18 Teri Hatcher
30%
21 13 Tom Arnold
30%
26 6 Tom Green
30%
26 7 Val Kilmer
30%
27 20 Winona Ryder
30%
28 8 Al Gore
20%
21 7 Anthony Edwards
20%
23 3 Brendan Fraser
20%
24 13 Brendan Fraser
20%
26 4 Charlize Theron
20%
21 19 Christine Baranski
20%
29 14 Colin Firth
20%
30 7 Collin Farrell
20%
23 20 David Duchovny
20%
27 9 Ellen DeGeneres
20%
28 4 Eric McCormack
20%
28 9 Jeff Gordon
20%
28 3 John McCain
20%
26 15 Julia Stiles
20%
26 13 Katie Holmes
20%
24 3 Lucy Lawless
20%
21 1 Mariel Hemingway
20%
29 11 Megan Mullally
20%
26 10 Mena Suvari
20%
28 5 Nia Vardalos
20%
30 10 Paul Giamatti
20%
23 7 Rudolph Giuliani
20%
26 12 Sean Hayes
20%
23 17 Steve Buscemi
20%
22 15 Sting
20%
23 1 Sylvester Stallone
20%
25 11 Alan Cumming
10%
23 6 Claire Danes
10%
24 18 Cuba Gooding Jr
10%
21 8 David Alan Grier
10%
22 11 David Alan Grier
10%
21 14 Elle Macpherson
10%
30 13 Hilary Swank
10%
24 11 James Van Der Beek
10%
27 13 Jonny Moseley
10%
26 19 Lara Flynn Boyle
10%
21 6 Laura Leighton
10%
22 8 Martin Short
10%
29 20 Mary-Kate Olsen/Ashley Olsen
10%
29 7 Al Sharpton
0%
24 10 Bill Paxton
0%
22 3 Bill Pullman
0%
26 5 Calista Flockhart
0%
28 13 Christopher Walker
0%
21 12 Danny Aiello
0%
25 15 Dwayne "The Rock" Johnson
0%
27 17 Dwayne "The Rock" Johnson
0%
25 4 Dylan McDermott
0%
21 4 Gabriel Byrne
0%
23 18 Greg Kinnear
0%
30 12 Jason Bateman
0%
30 18 Johnny Knoxville
0%
25 14 Joshua Jackson
0%
29 4 Kelly Ripa
0%
21 9 Madeline Kahn
0%
26 18 Peirce Brosnan
0%
28 10 Ray Liotta
0%
23 13 Roma Downey
0%
23 15 Scott Wolf
0%
21 17 Steve Forbes
0%
30 9 Topher Grace
0%
30 19 Will Farrell
0%
No matching quizzes found
Score Distribution
Percent of People with Each Score
Percentile by Number Answered
Your Score History
You have not taken this quiz